[Event "SC Borussia Lichtenberg-TuS Makkabi Rostock"]
[Site "Binz"]
[Date "2024.09.07"]
[Round "1.1"]
[White "Janssen, Julika"]
[Black "Hasselmann, Isabelle Sophia"]
[Result "0-1"]
[WhiteElo "1438"]
[BlackElo "1614"]
[Board "1"]
[WhiteTeam "TuS Makkabi Rostock"]
[BlackTeam "SC Borussia Lichtenberg"]
[Annotator "Rnd./Pair./Board: 01.002.01"]

1.d4 d5 2.Nf3 Nf6 3.Bf4 e6 4.e3 c5 5.c3 Nc6 6.h3 Be7 7.Bd3 c4 8.Bc2 b5 9.
a3 a5 10.Nbd2 Bd7 11.Ne5 b4 12.Nxc6 Bxc6 13.axb4 axb4 14.Rxa8 Qxa8 15.cxb4
Bxb4 16.O-O Bb5 17.Qa1 O-O 18.Qxa8 Rxa8 19.Nf3 Ra2 20.Rb1 Ne4 21.Bd1 h6 
22.Bc2 f5 23.Bc7 g5 24.Bb6 g4 25.hxg4 fxg4 26.Bd1 gxf3 27.Bxf3 Ba5 28.Bc5 
Bd2 29.Bd1 Ba4 30.Kh1 Bxd1 31.Rxd1 Rxb2 32.Ba3 Ra2 33.Bc1 c3 34.Kg1 Kg7 
35.Kf1 Ra1 0-1

[Event "SC Borussia Lichtenberg-TuS Makkabi Rostock"]
[Site "Binz"]
[Date "2024.09.07"]
[Round "1.3"]
[White "Pommerehncke, Marla"]
[Black "Helmke, Zoé"]
[Result "1/2-1/2"]
[WhiteElo "1081"]
[BlackElo "1243"]
[Board "3"]
[WhiteTeam "TuS Makkabi Rostock"]
[BlackTeam "SC Borussia Lichtenberg"]
[Annotator "Rnd./Pair./Board: 01.002.03"]

1.d4 Nf6 2.Nf3 g6 3.Bf4 Bg7 4.e3 O-O 5.c3 d6 6.Nbd2 Nbd7 7.Be2 Nh5 8.Bg3 
e5 9.Ne4 f5 10.Bh4 Qe8 11.Ng3 Nhf6 12.Bxf6 Nxf6 13.dxe5 dxe5 14.Bc4+ Kh8 
15.O-O b5 16.Bb3 a6 17.Re1 Bb7 18.Ng5 Rd8 19.Qe2 Rd6 20.Rad1 Qc6 21.Qf3 
Rxd1 22.Rxd1 Qb6 23.Qe2 c5 24.Nf7+ Kg8 25.Nxe5+ c4 26.Bc2 Nd5 27.Nd7 Qc6 
28.Nxf8 Nxc3 29.Qf3 Qxf3 30.gxf3 Nxd1 31.Bxd1 Kxf8 32.b3 c3 33.e4 f4 34.
Ne2 g5 35.Bc2 b4 36.Kf1 Bc6 37.Ke1 Ke7 38.Bd3 a5 39.Bc4 1/2-1/2

[Event "SC Borussia Lichtenberg-TuS Makkabi Rostock"]
[Site "Binz"]
[Date "2024.09.07"]
[Round "1.4"]
[White "Schumacher, Barbara"]
[Black "Brandauer, Pia Marie"]
[Result "1-0"]
[WhiteElo "1560"]
[BlackElo "858"]
[Board "4"]
[WhiteTeam "SC Borussia Lichtenberg"]
[BlackTeam "TuS Makkabi Rostock"]
[Annotator "Rnd./Pair./Board: 01.002.04"]

1.d4 d5 2.Nf3 Nc6 3.e3 Nf6 4.Bd3 e6 5.Nc3 Bd6 6.Bd2 Bd7 7.O-O e5 8.dxe5 
Nxe5 9.e4 dxe4 10.Nxe4 Nxe4 11.Bxe4 O-O 12.Nxe5 Bxe5 13.Qe2 Qh4 14.Bxh7+ 
Qxh7 15.Qxe5 Qg6 16.h3 Qf5 17.Qxf5 Bxf5 18.c4 Bd3 19.Rfc1 Rad8 20.Bb4 Rfe8
21.b3 Re2 22.Re1 Rde8 23.Rxe2 Rxe2 24.a4 Rb2 25.Ra3 c5 26.Bxc5 b6 27.Bd4 
Rb1+ 28.Kh2 Bc2 29.c5 bxc5 30.Bxc5 a6 31.b4 1-0

[Event "TSG Oberschöneweide-Schachzwerge Magdeburg"]
[Site "Binz"]
[Date "2024.09.07"]
[Round "1.1"]
[White "Hoffmann, Svenja"]
[Black "Lorenz, Veronika"]
[Result "1/2-1/2"]
[WhiteElo "1645"]
[BlackElo "1884"]
[Board "1"]
[WhiteTeam "Schachzwerge Magdeburg"]
[BlackTeam "TSG Oberschöneweide"]
[Annotator "Rnd./Pair./Board: 01.003.01"]

1.e4 e5 2.Nf3 Nc6 3.Bc4 Bc5 4.c3 d6 5.d4 exd4 6.cxd4 Bb6 7.Nc3 Nf6 8.h3 
O-O 9.Bg5 h6 10.Bh4 g5 11.Bg3 Ba5 12.O-O Bxc3 13.bxc3 Nxe4 14.Qd3 Bf5 15.
Nd2 Nxg3 16.Qxg3 Qf6 17.f4 Bh7 18.h4 Rae8 19.fxg5 Qg7 20.Rf6 hxg5 21.hxg5 
Ne7 22.Raf1 d5 23.Bb3 c6 24.Nf3 Nf5 25.Qh3 Ne3 26.Re1 Nc2 27.Rxe8 Rxe8 28.
Qd7 Rf8 29.Ne5 Qxg5 30.Rxf7 Qe3+ 31.Kh2 Qh6+ 32.Kg1 Qe3+ 33.Kh2 Qh6+ 34.
Kg1 Qe3+ 1/2-1/2

[Event "TSG Oberschöneweide-Schachzwerge Magdeburg"]
[Site "Binz"]
[Date "2024.09.07"]
[Round "1.2"]
[White "Fock, Madiha"]
[Black "Rössling, Laura Marie"]
[Result "0-1"]
[WhiteElo "1960"]
[BlackElo "1624"]
[Board "2"]
[WhiteTeam "TSG Oberschöneweide"]
[BlackTeam "Schachzwerge Magdeburg"]
[Annotator "Rnd./Pair./Board: 01.003.02"]

1.e4 e5 2.Nf3 Nc6 3.Bb5 a6 4.Bxc6 dxc6 5.O-O Bd6 6.d4 Bg4 7.c3 Qe7 8.h3 
Bh5 9.Re1 O-O-O 10.Nbd2 Nf6 11.Qa4 Nd7 12.a3 f6 13.b4 g5 14.dxe5 Nxe5 15.
Nd4 Nd3 16.Re3 Nxc1 17.Rxc1 Bf4 18.Rd3 Bxd2 19.Nxc6 Qxe4 20.Nxd8 Qxd3 21.
b5 Bxc1 22.bxa6 Qxa6 0-1

[Event "TSG Oberschöneweide-Schachzwerge Magdeburg"]
[Site "Binz"]
[Date "2024.09.07"]
[Round "1.3"]
[White "Breja, Eva"]
[Black "Vogt, Luna"]
[Result "0-1"]
[WhiteElo "1556"]
[BlackElo "1735"]
[Board "3"]
[WhiteTeam "Schachzwerge Magdeburg"]
[BlackTeam "TSG Oberschöneweide"]
[Annotator "Rnd./Pair./Board: 01.003.03"]

1.e4 e5 2.Nf3 Nc6 3.Bc4 Nf6 4.d3 a6 5.O-O Bc5 6.Nc3 h6 7.Be3 Ba7 8.Qd2 d6 
9.h3 Na5 10.Bb3 Nxb3 11.axb3 Be6 12.Nh4 Nxe4 13.Nxe4 Qxh4 14.Bxa7 Rxa7 15.
Qe3 Ra8 16.Ra4 Qe7 17.Qg3 O-O 18.f4 Bd7 19.Raa1 f5 20.Nd2 Rae8 21.Rae1 Qf6
22.fxe5 dxe5 23.Ne4 Qb6+ 24.Nf2 f4 25.Qf3 Bc6 26.Qh5 Qc5 27.Kh2 Qxc2 28.
Ng4 Qxg2# 0-1

[Event "TSG Oberschöneweide-Schachzwerge Magdeburg"]
[Site "Binz"]
[Date "2024.09.07"]
[Round "1.4"]
[White "Weng, Yueyi Elina"]
[Black "Funke, Luise"]
[Result "1-0"]
[WhiteElo "1750"]
[BlackElo "1491"]
[Board "4"]
[WhiteTeam "TSG Oberschöneweide"]
[BlackTeam "Schachzwerge Magdeburg"]
[Annotator "Rnd./Pair./Board: 01.003.04"]

1.e4 e5 2.Nf3 Nc6 3.Bc4 Bc5 4.c3 Nf6 5.d3 d6 6.Bb3 Bg4 7.Nbd2 Qe7 8.Nf1 h6
9.h3 Bh5 10.Ng3 g5 11.Nxh5 Nxh5 12.Nh4 Ng7 13.Nf5 Nxf5 14.exf5 O-O-O 15.
Be3 Qf6 16.g4 Rhe8 17.Qd2 Qe7 18.Bxc5 dxc5 19.O-O-O f6 20.Be6+ Kb8 21.h4 
e4 22.Qe3 exd3 23.Rxd3 Ne5 24.Rxd8+ Rxd8 25.Qe2 Nd3+ 26.Kc2 Nf4 27.Qe4 Qd6
28.Kb1 gxh4 29.a3 Nd3 30.Rd1 Qe5 31.Qxe5 fxe5 32.f6 e4 33.Bf5 Rf8 34.f3 
Ne5 35.Bxe4 a6 36.Rd5 Nf7 37.Rh5 Ng5 38.Rxh6 h3 39.Kc2 Kc8 40.Kd3 b6 41.
Rh5 h2 42.f4 Nxe4 43.Kxe4 Rxf6 44.Rxh2 Kd7 45.Rh7+ Kd8 46.g5 Rg6 47.Kf5 
Rg8 48.g6 Ke8 49.Kg5 Kf8 50.f5 c6 51.f6 b5 52.f7 Rg7 53.Rh8+ Ke7 54.f8=Q+ 
Kd7 55.Qxg7+ 1-0

[Event "Schachzwerge Magdeburg-SC Borussia Lichtenberg"]
[Site "Binz"]
[Date "2024.09.07"]
[Round "2.1"]
[White "Hasselmann, Isabelle Sophia"]
[Black "Hoffmann, Svenja"]
[Result "0-1"]
[WhiteElo "1614"]
[BlackElo "1645"]
[Board "1"]
[WhiteTeam "SC Borussia Lichtenberg"]
[BlackTeam "Schachzwerge Magdeburg"]
[Annotator "Rnd./Pair./Board: 02.002.01"]

1.e4 e5 2.Bc4 Nf6 3.d4 exd4 4.Nf3 Nxe4 5.Qxd4 Nf6 6.Bg5 Be7 7.Nc3 c6 8.
O-O-O d5 9.Qh4 Be6 10.Rhe1 Ng8 11.Qg3 Nd7 12.Bxe7 Nxe7 13.Bd3 O-O 14.Ng5 
Bf5 15.Rxe7 Qxe7 16.Bxf5 Nf6 17.Qh4 h6 18.Nh7 Rfe8 19.Nxf6+ Qxf6 20.Qxf6 
gxf6 21.Rd3 Re5 22.Rg3+ Kh8 23.Bd3 Rg5 24.Rh3 Kg7 25.g3 Re5 26.Ne2 Rae8 
27.Nf4 f5 28.Rh5 Re1+ 29.Kd2 Ra1 30.Rxf5 Ree1 31.Nh5+ Kf8 32.Rf6 d4 33.c4 
dxc3+ 34.bxc3 Re5 35.Nf4 Rxa2+ 36.Kd1 Kg7 37.Rxf7+ Kxf7 38.Bc4+ Rd5+ 39.
Nxd5 Ra1+ 40.Kd2 cxd5 41.Bxd5+ Kf6 42.Bxb7 Ra2+ 43.Kd3 Rxf2 44.c4 Ke5 45.
c5 Rxh2 46.c6 Kd6 47.Kc4 Rh3 48.g4 Rg3 49.Ba8 Rxg4+ 50.Kb5 Kc7 51.Ka6 h5 
0-1

[Event "Schachzwerge Magdeburg-SC Borussia Lichtenberg"]
[Site "Binz"]
[Date "2024.09.07"]
[Round "2.3"]
[White "Helmke, Zoé"]
[Black "Breja, Eva"]
[Result "0-1"]
[WhiteElo "1243"]
[BlackElo "1556"]
[Board "3"]
[WhiteTeam "SC Borussia Lichtenberg"]
[BlackTeam "Schachzwerge Magdeburg"]
[Annotator "Rnd./Pair./Board: 02.002.03"]

1.d4 Nf6 2.e3 d5 3.Nf3 Bg4 4.h3 Bh5 5.g4 Bg6 6.Nh4 Qd6 7.Nxg6 hxg6 8.Bd3 
Nc6 9.a3 Qe6 10.Qe2 Nxg4 11.Qf3 Nf6 12.Nc3 Nxd4 13.Qf4 Rh4 14.Qxc7 Nf3+ 
15.Ke2 Nd4+ 16.Kd2 Nf3+ 17.Ke2 Rxh3 18.Bb5+ Nd7 19.Bxd7+ Qxd7 20.Qxd7+ 
Kxd7 21.Rxh3 Ng1+ 22.Ke1 Nxh3 23.Nxd5 e6 24.Nc3 Rc8 25.e4 Be7 26.Be3 Ng5 
27.Rd1+ Ke8 28.Bxa7 Bf6 29.Nb5 Rxc2 30.Nd6+ Ke7 31.b4 Nf3+ 32.Kf1 Nd2+ 33.
Ke1 Nf3+ 34.Kf1 Ra2 35.Bc5 Nd2+ 36.Kg2 Nb3 37.Nxb7+ Nxc5 38.bxc5 Rc2 39.a4
Rc4 40.a5 Bd4 41.a6 Bxc5 42.Nxc5 Rxc5 43.Ra1 Rc8 44.a7 Ra8 45.Kf3 Kd7 46.
Kf4 Kc6 47.Ke5 g5 48.f3 Kd7 49.Ra2 Ke7 50.Ra1 Rd8 51.a8=Q f6# 0-1

[Event "Schachzwerge Magdeburg-SC Borussia Lichtenberg"]
[Site "Binz"]
[Date "2024.09.07"]
[Round "2.4"]
[White "Funke, Luise"]
[Black "Schumacher, Barbara"]
[Result "1-0"]
[WhiteElo "1491"]
[BlackElo "1560"]
[Board "4"]
[WhiteTeam "Schachzwerge Magdeburg"]
[BlackTeam "SC Borussia Lichtenberg"]
[Annotator "Rnd./Pair./Board: 02.002.04"]

1.e4 c5 2.Nf3 Nc6 3.d4 cxd4 4.Nxd4 Nf6 5.Nc3 e6 6.Be3 Be7 7.Be2 d5 8.f3 
dxe4 9.fxe4 Nxd4 10.Bxd4 O-O 11.O-O Qd7 12.Bb5 Qd8 13.Qf3 Qxd4+ 14.Kh1 Qe5
15.Qh3 Bb4 16.Bd3 Bxc3 17.bxc3 Nxe4 18.Qh4 f5 19.Rae1 Qf6 20.Qh3 Nxc3 21.
Bc4 Bd7 22.Rf3 Nb5 23.Rd3 Rad8 24.Red1 Bc6 25.Qe3 Rde8 26.a4 Qg6 27.Qd2 
Nc7 28.Rg3 Qf6 29.Bb3 Rd8 30.Rd3 Rxd3 31.Qxd3 Qg5 32.Qe2 f4 33.Rf1 Re8 34.
a5 Bb5 35.Bc4 Bc6 36.Rf2 b5 37.Bb3 Bd5 38.Qf1 Bxb3 39.cxb3 Rf8 40.Rc2 Nd5 
41.Qe2 Ne3 42.Rc1 e5 43.Rg1 Ng4 44.h3 Qh4 45.Qxg4 Qxg4 46.hxg4 Rf6 47.Re1 
Re6 48.Kh2 Kf7 49.g3 f3 50.Kg1 Rf6 51.Kf2 Kg6 52.Rxe5 b4 53.Re4 Ra6 54.
Rxb4 Rxa5 55.Kxf3 Kg5 56.Rb7 h5 57.gxh5 Rf5+ 58.Ke4 Kf6 59.Rxa7 Rxh5 60.
Ra6+ Kf7 61.Kf3 Rb5 62.Ra3 Rf5+ 63.Ke4 Kf6 64.g4 Re5+ 65.Kd4 g5 66.b4 Rb5 
67.Rb3 Ke6 68.Kc4 Rb6 69.Kc5 Kd7 70.Kxb6 Kc8 71.Ka7 Kc7 72.b5 Kd6 73.b6 
Kc5 74.b7 Kc4 75.b8=Q Kd4 76.Qb4+ Kd5 77.Rc3 Ke5 78.Rc5+ Kd6 79.Qb6+ Ke7 
80.Rc7+ 1-0

[Event "TuS Makkabi Rostock-Hamburger SK von 1830"]
[Site "Binz"]
[Date "2024.09.07"]
[Round "2.1"]
[White "Krasikova, Milana"]
[Black "Janssen, Julika"]
[Result "0-1"]
[WhiteElo "1561"]
[BlackElo "1438"]
[Board "1"]
[WhiteTeam "Hamburger SK von 1830"]
[BlackTeam "TuS Makkabi Rostock"]
[Annotator "Rnd./Pair./Board: 02.003.01"]

1.e4 c5 2.Nf3 e6 3.Nc3 a6 4.a3 Nc6 5.Bc4 Be7 6.d3 Qc7 7.Be3 d6 8.Ne2 Nf6 
9.h3 O-O 10.O-O d5 11.Bf4 Bd6 12.exd5 exd5 13.Bxd6 Qxd6 14.Bb3 Re8 15.d4 
cxd4 16.Nexd4 Nxd4 17.Nxd4 Bd7 18.c4 Rad8 19.cxd5 Nxd5 20.Rc1 Nf6 21.Nf3 
Bc6 22.Ng5 Bd5 23.Bxd5 Qxd5 24.Qf3 Qxg5 25.Qxb7 Nd5 26.g3 Nf4 27.Kh2 Ne6 
28.Qxa6 Qf5 29.Rc3 Ng5 30.h4 Ne4 31.Rd3 h6 32.Rxd8 Rxd8 33.Qb6 Rd2 34.Kg2 
Qd5 35.Kg1 Nxg3 36.Qb8+ Kh7 37.Qxg3 Rxb2 38.Ra1 Qd4 39.Kg2 Rb6 40.Qe3 Rg6+
41.Kh2 Qxa1 42.Qe4 Qg1+ 43.Kh3 Qxf2 44.h5 Qg3# 0-1

[Event "TuS Makkabi Rostock-Hamburger SK von 1830"]
[Site "Binz"]
[Date "2024.09.07"]
[Round "2.2"]
[White "Urban, Mila"]
[Black "Yan, Jenny"]
[Result "1/2-1/2"]
[WhiteElo "1180"]
[BlackElo "1501"]
[Board "2"]
[WhiteTeam "TuS Makkabi Rostock"]
[BlackTeam "Hamburger SK von 1830"]
[Annotator "Rnd./Pair./Board: 02.003.02"]

1.d4 Nf6 2.Nf3 g6 3.Bf4 Bg7 4.e3 d6 5.Be2 Nc6 6.h3 Bd7 7.O-O O-O 8.Nbd2 
Re8 9.Nc4 Nd5 10.Bg3 Nb6 11.c3 e5 12.d5 Ne7 13.e4 f5 14.exf5 Nxf5 15.Bh2 
Nxc4 16.Bxc4 Kh8 17.Re1 c6 18.Bd3 cxd5 19.Bxf5 Bxf5 20.Qxd5 Qc7 21.Nd2 Be6
22.Qf3 Rf8 23.Qg3 Qb6 24.b4 Rac8 25.Ne4 d5 26.Nc5 Rfe8 27.a3 Qc7 28.Rac1 
b6 29.Nd3 Bf5 30.Nxe5 Bxe5 31.Rxe5 Rxe5 32.Qxe5+ Qxe5 33.Bxe5+ 1/2-1/2

[Event "TuS Makkabi Rostock-Hamburger SK von 1830"]
[Site "Binz"]
[Date "2024.09.07"]
[Round "2.3"]
[White "Blome, Antonia"]
[Black "Pommerehncke, Marla"]
[Result "1/2-1/2"]
[WhiteElo "1181"]
[BlackElo "1081"]
[Board "3"]
[WhiteTeam "Hamburger SK von 1830"]
[BlackTeam "TuS Makkabi Rostock"]
[Annotator "Rnd./Pair./Board: 02.003.03"]

1.e4 e5 2.Nc3 Nc6 3.g3 Bc5 4.Bg2 Nf6 5.Nge2 d6 6.h3 Bd7 7.O-O O-O 8.Kh2 h6
9.f4 exf4 10.Nxf4 Nd4 11.Nfe2 Nh7 12.Nxd4 Bxd4 13.d3 Ng5 14.h4 Ne6 15.Qe2 
Be5 16.Qh5 Kh7 17.Ne2 Be8 18.Kg1 f5 19.Qf3 fxe4 20.Qxe4+ Bg6 21.Qd5 Rxf1+ 
22.Kxf1 Qf8+ 23.Kg1 Bf5 24.Be4 Kh8 25.Qxb7 Bxe4 26.Qxe4 Re8 27.Qg4 c5 28.
c3 Re7 29.Bf4 Nxf4 30.Nxf4 Bxf4 31.Qxf4 Qd8 32.Rf1 Re8 33.Qf7 a5 34.Kg2 
Qa8+ 35.Qf3 Qb8 36.b3 Kg8 37.Qd5+ Kh8 38.d4 Qb6 39.dxc5 dxc5 40.Rf2 Rc8 
41.c4 Qg6 42.Qf5 Qc6+ 43.Qd5 Qg6 44.Qd7 Qe4+ 45.Kg1 Qe1+ 46.Kg2 Qe4+ 47.
Kg1 Qe1+ 1/2-1/2

[Event "TuS Makkabi Rostock-Hamburger SK von 1830"]
[Site "Binz"]
[Date "2024.09.07"]
[Round "2.4"]
[White "Brandauer, Pia Marie"]
[Black "Einacker, Lina"]
[Result "0-1"]
[WhiteElo "858"]
[BlackElo "1159"]
[Board "4"]
[WhiteTeam "TuS Makkabi Rostock"]
[BlackTeam "Hamburger SK von 1830"]
[Annotator "Rnd./Pair./Board: 02.003.04"]

1.e4 e5 2.Nf3 Nc6 3.d4 exd4 4.Nxd4 Bc5 5.Nxc6 Qf6 6.Be3 Bxe3 7.fxe3 Qxc6 
8.Nc3 a6 9.Qd4 f6 10.e5 d6 11.exf6 Nxf6 12.O-O-O Bf5 13.g3 O-O-O 14.Bd3 
Bxd3 15.cxd3 Rhf8 16.e4 Ng4 17.Kb1 Nf2 18.Rc1 Nxh1 19.Nd5 Qxc1+ 20.Kxc1 c6
21.Ne7+ Kb8 22.Qxg7 Nf2 23.d4 Nxe4 24.Qxh7 Nf6 25.Qg7 Nd5 26.Ng6 Rg8 27.
Qf7 c5 28.Qxd5 Rxg6 29.dxc5 Rc8 30.b4 dxc5 31.bxc5 Rgc6 32.Kb2 Rxc5 33.
Qd6+ Ka7 34.Qd4 Rc6 35.Kb3 Rb6+ 36.Ka4 Rcb5 37.a3 Kb8 38.Qf4+ Ka7 39.h4 
Rh5 40.Qg4 Rh7 41.h5 Rd6 42.Qe4 Rhd7 43.Qe3+ b6 44.Qc3 Rd4+ 45.Qb4 Rxb4+ 
46.Kxb4 Rg7 47.h6 Rxg3 48.h7 Rh3 0-1

[Event "Hamburger SK von 1830-Schachzwerge Magdeburg"]
[Site "Binz"]
[Date "2024.09.08"]
[Round "3.1"]
[White "Hoffmann, Svenja"]
[Black "Krasikova, Milana"]
[Result "0-1"]
[WhiteElo "1645"]
[BlackElo "1561"]
[Board "1"]
[WhiteTeam "Schachzwerge Magdeburg"]
[BlackTeam "Hamburger SK von 1830"]
[Annotator "Rnd./Pair./Board: 03.002.01"]

1.e4 c5 2.Nf3 e6 3.d4 cxd4 4.Nxd4 Qc7 5.Nc3 Nf6 6.Be3 a6 7.a3 Nc6 8.Be2 
Bd6 9.Qd2 O-O 10.O-O-O Rd8 11.Nxc6 dxc6 12.Qe1 b5 13.f4 b4 14.axb4 Bxb4 
15.Rxd8+ Qxd8 16.Bd3 Qa5 17.Bd2 Qa1+ 18.Nb1 Bxd2+ 19.Qxd2 Rb8 20.c3 Bd7 
21.Kd1 Rxb2 22.Qc1 c5 23.c4 Ba4+ 24.Ke1 Rxg2 25.Qe3 Qb2 26.h3 Qb3 27.Kf1 
Rb2 28.Qf3 Rxb1+ 29.Kg2 Rxh1 30.e5 Qd1 31.Qf2 Bc6+ 32.Kg3 Rg1+ 33.Kh2 Rg2+
34.Qxg2 Bxg2 35.Kxg2 Qxd3 36.f5 Qe4+ 37.Kg3 Qxe5+ 38.Kh4 Qf4# 0-1

[Event "Hamburger SK von 1830-Schachzwerge Magdeburg"]
[Site "Binz"]
[Date "2024.09.08"]
[Round "3.2"]
[White "Abram, Kristina-Maria"]
[Black "Rössling, Laura Marie"]
[Result "0-1"]
[WhiteElo "1460"]
[BlackElo "1624"]
[Board "2"]
[WhiteTeam "Hamburger SK von 1830"]
[BlackTeam "Schachzwerge Magdeburg"]
[Annotator "Rnd./Pair./Board: 03.002.02"]

1.d4 d5 2.c4 e6 3.Nc3 Nf6 4.Bg5 Be7 5.e3 O-O 6.Bd3 c6 7.cxd5 exd5 8.Nge2 
Re8 9.O-O Nbd7 10.Qc2 Nf8 11.f3 Ng6 12.e4 dxe4 13.fxe4 Qd7 14.Bxf6 Bxf6 
15.e5 Bg5 16.Bxg6 hxg6 17.Rf3 Qe7 18.Raf1 Rf8 19.Ne4 Bh6 20.Nf4 Bg4 21.Rg3
Bf5 22.Qe2 Rad8 23.Qe3 Qb4 24.Rd1 Bxf4 25.Qxf4 Bxe4 26.Qxe4 Qxb2 27.e6 
fxe6 28.Qxe6+ Rf7 29.Rxg6 Qf2+ 30.Kh1 Rxd4 31.Re1 Re4 32.Qc8+ Rf8 33.Rxe4 
Qf1# 0-1

[Event "Hamburger SK von 1830-Schachzwerge Magdeburg"]
[Site "Binz"]
[Date "2024.09.08"]
[Round "3.3"]
[White "Breja, Eva"]
[Black "Yan, Jenny"]
[Result "0-1"]
[WhiteElo "1556"]
[BlackElo "1501"]
[Board "3"]
[WhiteTeam "Schachzwerge Magdeburg"]
[BlackTeam "Hamburger SK von 1830"]
[Annotator "Rnd./Pair./Board: 03.002.03"]

1.e4 e5 2.Nf3 Nc6 3.Bc4 Bc5 4.c3 Nf6 5.d3 d6 6.Nbd2 a6 7.Bb3 Be6 8.O-O O-O
9.Re1 Bxb3 10.Qxb3 Qd7 11.Nf1 Bb6 12.Ng3 Rfe8 13.Qd1 Rad8 14.Bg5 Qe6 15.
Nh4 h6 16.Bd2 d5 17.Qc1 Nh7 18.Nhf5 Qg6 19.Nxh6+ gxh6 20.Bxh6 dxe4 21.Rxe4
Rxd3 22.Rh4 Bxf2+ 23.Kf1 Bxg3 24.hxg3 Rxg3 25.Rh3 Rxg2 26.Qe3 Rg4 27.Re1 
Re6 28.Re2 Rf6+ 29.Ke1 Rg1+ 30.Kd2 Rd6+ 31.Qd3 Rxd3+ 32.Rxd3 Qxh6+ 33.Kc2 
Qg6 34.Re3 Rg2+ 35.Kb3 Qe6+ 36.c4 b5 37.Rg3+ Rxg3 38.Rxg3+ Kf8 39.Rc3 
bxc4+ 40.Kc2 Qf5+ 41.Kd2 Qf2+ 42.Kc1 Qe1+ 43.Kc2 Qxc3+ 44.Kxc3 f5 45.Kxc4 
f4 46.Kd3 f3 47.Ke3 e4 48.b3 Ne5 49.Kf2 Nd3+ 50.Ke3 f2 51.Ke2 e3 52.b4 Ng5
53.a4 Ne4 54.b5 Ng3+ 55.Kxd3 f1=Q+ 56.Kxe3 axb5 57.a5 Qa1 58.Kf3 Qxa5 59.
Kxg3 b4 0-1

[Event "Hamburger SK von 1830-Schachzwerge Magdeburg"]
[Site "Binz"]
[Date "2024.09.08"]
[Round "3.4"]
[White "Blome, Antonia"]
[Black "Funke, Luise"]
[Result "1-0"]
[WhiteElo "1181"]
[BlackElo "1491"]
[Board "4"]
[WhiteTeam "Hamburger SK von 1830"]
[BlackTeam "Schachzwerge Magdeburg"]
[Annotator "Rnd./Pair./Board: 03.002.04"]

1.e4 e5 2.Nc3 Nc6 3.g3 Bc5 4.Bg2 d6 5.Na4 Bb6 6.Nxb6 axb6 7.Ne2 Nf6 8.d3 
Be6 9.Bd2 Qd7 10.O-O Bh3 11.f4 Bxg2 12.Kxg2 O-O-O 13.f5 h6 14.Rh1 g6 15.
Qf1 Rdf8 16.c4 gxf5 17.Qxf5 Qxf5 18.exf5 Rfg8 19.Kf3 h5 20.Raf1 Ne7 21.Kg2
h4 22.Rf3 Nc6 23.Kf1 hxg3 24.Rxg3 Rxg3 25.Nxg3 Nd4 26.Kf2 Ng4+ 27.Kg2 f6 
28.h3 Nh6 29.Bxh6 Rxh6 30.Rf1 Kd7 31.Ne4 Ke7 32.Kg3 Ne2+ 33.Kg4 Nf4 34.Nf2
Rh8 35.Rh1 Rg8+ 36.Kf3 Kf7 37.h4 Rh8 38.b4 Kg7 39.Rg1+ Kh6 40.Ng4+ Kg7 41.
Nxe5+ Kf8 42.Ng6+ Nxg6 43.fxg6 Kg7 44.Re1 Rxh4 45.Re7+ Kxg6 46.Rxc7 Rh3+ 
47.Ke4 f5+ 48.Kf4 Rh4+ 49.Kg3 Kg5 50.Rg7+ Kh5 51.Rh7+ Kg5 52.Rxh4 Kf6 53.
Rh7 Ke5 54.Rxb7 f4+ 55.Kf3 Kf5 56.Rxb6 Ke5 57.a4 Kf5 58.a5 Ke5 59.a6 Kf5 
60.a7 Ke5 61.a8=Q Kf5 62.Qd5+ Kg6 63.Rxd6+ Kg7 64.Qb7+ Kf8 65.Rd8# 1-0

[Event "SC Borussia Lichtenberg-TSG Oberschöneweide"]
[Site "Binz"]
[Date "2024.09.08"]
[Round "3.1"]
[White "Lorenz, Veronika"]
[Black "Hasselmann, Isabelle Sophia"]
[Result "1-0"]
[WhiteElo "1884"]
[BlackElo "1614"]
[Board "1"]
[WhiteTeam "TSG Oberschöneweide"]
[BlackTeam "SC Borussia Lichtenberg"]
[Annotator "Rnd./Pair./Board: 03.003.01"]

1.e4 b6 2.d4 Bb7 3.Nc3 g6 4.Be3 Bg7 5.Qd2 d6 6.O-O-O Nd7 7.Bc4 e6 8.f3 
Ngf6 9.g4 Ng8 10.h4 h6 11.Nh3 e5 12.f4 f5 13.gxf5 Ngf6 14.fxe5 dxe5 15.Qg2
exd4 16.Qxg6+ Kf8 17.Qf7# 1-0

[Event "SC Borussia Lichtenberg-TSG Oberschöneweide"]
[Site "Binz"]
[Date "2024.09.08"]
[Round "3.3"]
[White "Vogt, Luna"]
[Black "Helmke, Zoé"]
[Result "1-0"]
[WhiteElo "1735"]
[BlackElo "1243"]
[Board "3"]
[WhiteTeam "TSG Oberschöneweide"]
[BlackTeam "SC Borussia Lichtenberg"]
[Annotator "Rnd./Pair./Board: 03.003.03"]

1.d4 Nf6 2.c4 g6 3.Nc3 Bg7 4.e4 O-O 5.Nf3 d6 6.h3 Nbd7 7.Be3 e5 8.d5 a5 9.
g4 Nc5 10.Nd2 b6 11.Be2 Bd7 12.h4 Qc8 13.Rg1 Ne8 14.g5 c6 15.h5 cxd5 16.
cxd5 Nc7 17.Nb3 N7a6 18.Bd3 b5 19.Qe2 b4 20.Nd1 Nb8 21.Nd2 Nca6 22.Nc4 Nc5
23.Nxd6 Nxd3+ 24.Qxd3 Qc7 25.Nc4 Bb5 26.Rc1 Rc8 27.b3 a4 28.Qb1 Bxc4 29.
Rxc4 Qb7 30.Rxc8+ Qxc8 31.Bd2 Bf8 32.hxg6 fxg6 33.Ne3 axb3 34.axb3 Qa6 35.
Nc4 Qa1 36.Ke2 Qd4 37.Qd3 Qa7 38.Nxe5 Bc5 39.Rf1 Nd7 40.Nxd7 Qxd7 41.f4 
Re8 42.Be3 Qg4+ 43.Kd2 Qg2+ 44.Rf2 Bxe3+ 45.Kxe3 Qg3+ 46.Ke2 Qg4+ 47.Kd2 
Qg1 48.Re2 Qa1 49.e5 Qb2+ 50.Ke3 Qc1+ 51.Ke4 Qh1+ 52.Kd4 Qa1+ 53.Ke3 Qc1+ 
54.Kf3 Qf1+ 55.Kg3 Qg1+ 56.Rg2 Qe1+ 57.Kf3 Qh4 58.d6 Qh3+ 59.Rg3 Qh1+ 60.
Kf2 Qh2+ 61.Kf1 Qh1+ 62.Rg1 Qc6 63.Qc4+ Qxc4+ 64.bxc4 b3 65.Rg2 Rb8 66.Rb2
Kf7 67.Ke2 Ke6 68.Ke3 Kf5 69.c5 Ke6 70.Ke4 Rb4+ 71.Ke3 Kd5 72.d7 Rb8 73.
Rd2+ Kxc5 74.d8=Q Rxd8 75.Rxd8 Kc4 76.Kd2 1-0

[Event "SC Borussia Lichtenberg-TSG Oberschöneweide"]
[Site "Binz"]
[Date "2024.09.08"]
[Round "3.4"]
[White "Schumacher, Barbara"]
[Black "Le, Thao-Linh"]
[Result "0-1"]
[WhiteElo "1560"]
[BlackElo "1510"]
[Board "4"]
[WhiteTeam "SC Borussia Lichtenberg"]
[BlackTeam "TSG Oberschöneweide"]
[Annotator "Rnd./Pair./Board: 03.003.04"]

1.d4 d5 2.Nf3 Nf6 3.Nc3 Bf5 4.e3 e6 5.Bd3 Bxd3 6.cxd3 a6 7.O-O Bd6 8.e4 
dxe4 9.dxe4 Be7 10.e5 Nd5 11.Nxd5 exd5 12.Be3 O-O 13.Qd2 Nd7 14.Bg5 Bxg5 
15.Nxg5 f6 16.Ne6 Qe7 17.Nxf8 Rxf8 18.exf6 Nxf6 19.Rfe1 Qf7 20.Qe3 Qh5 21.
Qe5 Qh4 22.Qg3 Qxd4 23.Qe5 Qd2 24.Qe3 Qxb2 25.Qb3 Qd2 26.Qxb7 Ng4 27.Rf1 
Qd4 28.Qxa6 Nxf2 29.Qe2 c5 30.Rxf2 Qxa1+ 31.Rf1 Rxf1+ 32.Qxf1 Qxf1+ 33.
Kxf1 Kf7 34.a4 Ke7 35.Ke2 Kd7 36.Kd3 Kc7 37.Kc3 Kb6 38.Kb3 Ka5 39.g4 g5 
40.h3 h6 41.Kc3 Kxa4 42.Kd3 Kb3 43.Ke3 Kc3 44.Ke2 c4 45.Kf3 Kd2 46.Kf2 c3 
47.Kg3 c2 48.h4 gxh4+ 49.Kxh4 c1=Q 50.Kh5 Ke2 51.Kh4 Qg5+ 52.Kh3 Kf3 53.
Kh2 Qxg4 54.Kh1 Qg2# 0-1

[Event "TSG Oberschöneweide-Hamburger SK von 1830"]
[Site "Binz"]
[Date "2024.09.08"]
[Round "4.1"]
[White "Krasikova, Milana"]
[Black "Lorenz, Veronika"]
[Result "0-1"]
[WhiteElo "1561"]
[BlackElo "1884"]
[Time "14:30:00"]
[Board "1"]
[WhiteTeam "Hamburger SK von 1830"]
[BlackTeam "TSG Oberschöneweide"]
[Annotator "Rnd./Pair./Board: 04.002.01"]

1.e4 e5 2.Nf3 Nc6 3.Nc3 Nf6 4.Bb5 Nd4 5.Bc4 Nxf3+ 6.Qxf3 d6 7.Nd5 Be7 8.d3
Nxd5 9.Bxd5 O-O 10.h3 c6 11.Bb3 Be6 12.Qg3 Bxb3 13.axb3 f5 14.f4 Bh4 15.
Qxh4 Qxh4+ 16.Kd1 fxe4 17.dxe4 exf4 18.Rf1 Qg3 19.Rf3 Qxg2 20.Rd3 f3 21.
Bd2 f2 22.Re3 f1=Q+ 23.Re1 Qge2+ 24.Kc1 Qfxe1+ 25.Bxe1 Qxe1# 0-1

[Event "TSG Oberschöneweide-Hamburger SK von 1830"]
[Site "Binz"]
[Date "2024.09.08"]
[Round "4.2"]
[White "Fock, Madiha"]
[Black "Abram, Kristina-Maria"]
[Result "1-0"]
[WhiteElo "1960"]
[BlackElo "1460"]
[Time "14:30:00"]
[Board "2"]
[WhiteTeam "TSG Oberschöneweide"]
[BlackTeam "Hamburger SK von 1830"]
[Annotator "Rnd./Pair./Board: 04.002.02"]

1.e4 d5 2.exd5 Qxd5 3.Nc3 Qa5 4.d4 c6 5.Nf3 Nf6 6.Bc4 Bf5 7.Bd2 Qc7 8.O-O 
e6 9.Re1 Bd6 10.h3 Nbd7 11.a4 O-O 12.a5 a6 13.Ne2 c5 14.Ba2 cxd4 15.Nexd4 
Bg6 16.c3 e5 17.Nc2 e4 18.Nh4 Bh5 19.Qc1 Ne5 20.Nb4 Qd7 21.Re3 Bc5 22.Rg3 
Rad8 23.Bg5 Qd6 24.Nf5 Qd7 25.Bxf6 Bxf2+ 26.Kh1 Bxg3 27.Nxg3 gxf6 28.Nxh5 
Qf5 29.Qh6 Qg6 30.Nxf6+ Kh8 31.Qf4 Nd3 32.Nxd3 exd3 33.Nd5 Rg8 34.Rg1 Qg7 
35.Qd2 Qg3 36.c4 Rg5 37.b3 b5 38.axb6 Re5 39.Bb1 Re2 40.Qxd3 Qxd3 41.Bxd3 
Rb2 42.Rb1 Rd2 43.Be4 a5 44.c5 f5 45.Bf3 Rc2 46.b4 axb4 47.Rxb4 Rxc5 48.b7
Rb8 49.Ne7 Rc7 50.Nxf5 Kg8 51.Bd5+ Kf8 52.Rg4 Rbxb7 53.Rg8# 1-0